| 000 | 01002nam a22002537a 4500 | ||
|---|---|---|---|
| 005 | 20220117150957.0 | ||
| 008 | 181214t2015 ph ||||| |||| 00| 0 eng d | ||
| 020 | _a978-621-406-052-8 | ||
| 040 | _cURS | ||
| 050 | 1 | 4 |
_aTK 5105.878 _bL39 2015 |
| 100 | 1 | _aLaviña, Charlemagne G. | |
| 245 | 1 | 0 |
_aSocial, ethical, legal and professional issues in computing : _bwith complete explanation of the Philippine cybercrime laws / _cCharlemagne G. Laviña. |
| 264 | 1 |
_cManila : _aMindshapers, _b[2015] |
|
| 264 | 4 | _ccopyright 2015. | |
| 300 |
_ax, 374 pages ; _c27 cm |
||
| 336 |
_2rdacontent _atext |
||
| 337 |
_2rdamedia _aunmediated |
||
| 338 |
_2rdacarrier _avolume |
||
| 504 | _aIncludes bibliographical references. | ||
| 524 | _aLaviña, C. G. (2015). Social, ethical, legal and professional issues in computing : with complete explanation of the Philippine cybercrime laws. Manila : Mindshapers. | ||
| 650 | 0 |
_aInternet _xMoral and ethical aspects |
|
| 650 | 0 | _aComputer crimes | |
| 942 |
_2lcc _cF |
||
| 999 |
_c16204 _d16204 |
||